000 00612nac a22002051u 4500
010 _a 82008529
020 _a0471053082 :
082 0 0 _a604.24
_bBET
090 _c8528
_d8528
100 _aBethune, James D.,
245 1 0 _aTechnical illustration /
_cJames D. Bethune.
260 _aNew York :
_bJohn Wiley,1983.
_cc1983.
300 _ax, 237 p. :
_bill. ;
_c29 cm.
500 _aIncludes index.
500 _aDistributer: Al-Ahram
511 _aCatalogued by: Sara
650 0 _aTechnical illustration.
650 0 _aMechanical drawing
942 _cBB
_k604.24BET
999 _c8528
_d8528